000 00602nam a22002177a 4500
005 20170124105924.0
010 _a909710
020 _c00.00
035 _a909710
037 _bCen Lib/Ret
040 _aDPL
_bEN
082 _a025.1
_bDUT
100 _aDutta, D.N.
_990959
245 _aManual of library management /
_cby D.N. Dutta
260 _aCalcutta
_bWorld Press
_c1978
270 _bCalcutta
_a37A College Street
300 _a264p.
_c21cm(Hb)
650 _aLibrary science
_vManual
_91817
650 _aInformation technology
_990960
942 _2ddc
_cEN
_h025.1
_mDUT
999 _c123407
_d123407